Statistics for Spell the Marvel Character #87

Click here to take the quiz!

General Stats

  • This quiz has been taken 9 times
  • The average score is 10 of 11

Answer Stats

Answer% Correct
America Chavez
100%
Colossus
100%
Hawkeye
100%
Howard the Duck
100%
Moon Knight
100%
Nova
100%
Red Hulk
100%
Human Torch
89%
Thena
89%
Old Lace
56%
Uranian
44%

Score Distribution

Percentile by Number Answered

Percent of People with Each Score

Your Score History

You have not taken this quiz